Представление документа в формате RUSMARC

ПолеНазваниеЗначение
  Тип записи a
  Библиографический уровень m
001 Контрольный номер RU/SLIB/B/208767755
005 Дата корректировки 20201206204248.6
010 Индекс ISBN __
a ISBN 5-17-014097-5
a ISBN 966-03-1626-7
d Цена 200-00
101 Язык документа 0_
a Язык текста rus
c Язык оригинала rus
200 Заглавие и сведения об ответственности 0_
a Заглавие Греческая мифология
f Первые сведения об ответственности А. А. Тахо-Годи
b Общее обозначение материала Текст
210 Выходные данные __
a Место издания М.
c Издательство АСТ
210 Выходные данные __
a Место издания Харьков
c Издательство Фолио
d Дата издания 2002
215 Физическое описание __
a Объем 254 с.
320 Библиография __
a Библиография Библиогр.: с. 245-254
330 Аннотация __
a Аннотация Подробно освещается история греческой мифологии, ее характер и основные сюжетные циклы.
606 Тематические рубрики __
a Основная рубрика Фольклор
y Географическая подрубрика Древняя Греция
606 Тематические рубрики __
a Основная рубрика Мировой фольклор
610 Ключевые слова __
a Ключевые слова мифы; мифология; боги; герои; древний мир
686 Индексы других классификаций __
a Классификационный индекс 82.3(0)я7
700 Автор _2
a Фамилия Тахо-Годи
b Имя А. А.
4 Код отношения 070
801 Источник записи _0
a Страна RU
b Организация Муниципальное бюджетное учреждение культуры "Централизованная библиотечная система" г. Сургут (Центральная городская библиотека им. А. С. Пушкина)
g Правила каталогизации КиК/Гришунина
801 Источник записи _1
a Страна RU
b Организация Муниципальное бюджетное учреждение культуры "Централизованная библиотечная система" г. Сургут (Центральная городская библиотека им. А. С. Пушкина)
g Правила каталогизации КиК/Гришунина
852 Данные о местонахождении __
j Шифр хранения 82.3(0)я7
c Каталожный индекс 82.3(0)я7
i Авторский знак Т 24
p Инвентарный номер 04070965
901 Тип документа __
t Тип документа m
903 Характеристики (МАРС) __
a Дата передачи 20040706
990 Данные о заказе (DOS) __
j Количество экземпляров (DOS) 1
t N записи в КСУ для И/У (DOS) 200407